Souvislosti hospodářského cyklu, investic a ekonomického růstu s měnovými krizemi

Vstupom do EÚ nové členské krajiny vzali na seba záväzok stať sa členmi hospodárskej a menovej únie. Možnosť vzniku menovej krízy. Menová kríza, priame a nepriame dopady, hospodárska recesia. Pokles HDP, nezamestnanosť. Menová kríza a investičné výdavky. Očakávaná situácia v Česku.

Guardado en:
Detalles Bibliográficos
Autor principal: Helísek, Mojmír
Formato: Capítulo de libro
Lenguaje:checo
Materias:
Etiquetas: Agregar Etiqueta
Sin Etiquetas, Sea el primero en etiquetar este registro!

MARC

LEADER 00000naa$a2200000$$$4500
001 0045061
005 20221128095516.4
041 0 |a cze 
044 |a SK 
245 1 0 |a Souvislosti hospodářského cyklu, investic a ekonomického růstu s měnovými krizemi  |c Mojmír Helísek 
520 |a Vstupom do EÚ nové členské krajiny vzali na seba záväzok stať sa členmi hospodárskej a menovej únie. Možnosť vzniku menovej krízy. Menová kríza, priame a nepriame dopady, hospodárska recesia. Pokles HDP, nezamestnanosť. Menová kríza a investičné výdavky. Očakávaná situácia v Česku. 
610 2 0 |a cykly hospodárske 
610 2 0 |a kríza menová 
610 2 0 |a recesia 
610 2 0 |a produkt domáci hrubý 
610 2 0 |a nezamestnanosť 
610 2 0 |a investície 
100 1 |a Helísek, Mojmír